Statistics for Guess the Taylor Swift song with no hints #5

Click here to take the quiz!

General Stats

  • This quiz has been taken 68,022 times
  • The average score is 172 of 301

Answer Stats

Answer% Correct
I
98%
A
96%
You
96%
you
96%
you'd
96%
the
93%
me
88%
He
85%
he'd
85%
be
81%
to
80%
on
79%
And
77%
When
76%
when
76%
who
75%
do
74%
in
72%
In
72%
it
72%
no
72%
so
70%
So
70%
was
70%
your
70%
my
69%
is
66%
Is
66%
are
64%
that
64%
there
63%
there's
63%
What
63%
what
63%
one
62%
they
62%
like
59%
all
58%
With
58%
for
57%
said
57%
here
55%
know
55%
of
55%
say
55%
by
54%
too
53%
knew
52%
I'm
51%
But
50%
time
50%
How
47%
how
47%
not
47%
As
45%
been
45%
moment
45%
red
45%
had
44%
thing
44%
just
41%
Just
41%
right
41%
Baby
40%
back
40%
Now
40%
door
39%
dress
39%
Happy
39%
happy
39%
should've
39%
Should've
39%
means
38%
walk
38%
down
36%
got
36%
Standing
36%
standing
36%
stars
36%
would've
36%
friends
35%
Oh
35%
smile
35%
they're
34%
through
34%
always
33%
didn't
33%
eye
33%
lipstick
33%
most
33%
party
33%
room
33%
slow
33%
around
32%
ask
32%
felt
32%
lights
32%
motion
32%
show
32%
missing
31%
something
31%
I've
30%
little
30%
make
30%
try
30%
waiting
30%
burst
29%
impress
29%
about
28%
birthday
28%
face
28%
fall
28%
laughing
28%
looking
28%
million
28%
People
28%
shining
27%
tears
27%
wrong
27%
alone
26%
everyone
26%
front
26%
sorry
26%
Christmas
25%
close
25%
pass
25%
really
25%
seem
25%
singing
25%
aligned
24%
bathroom
24%
hall
24%
hours
24%
memory
24%
streaming
24%
ticking
24%
feeling
23%
glisten
23%
starts
23%
wanna
23%
apart
22%
called
22%
asking
21%
comb
21%
follow
21%
sinking
21%
hopelessly
19%
later
19%

Score Distribution

Percentile by Number Answered

Percent of People with Each Score

Your Score History

You have not taken this quiz